Teaching Literature Online: Creative Strategies for Developing Critical Literacy in a Virtual World

Na minha lista:
Detalhes bibliográficos
Autor principal: Javorčíková, Jana
Outros Autores: Pršová, Eva, Höhn, Eva, 1968-
Formato: Capítulo de Livro
Idioma:inglês
Assuntos:
Tags: Adicionar Tag
Sem tags, seja o primeiro a adicionar uma tag!

MARC

LEADER 00000naa$a2200000$$$4500
001 0313956
005 20260113091736.2
041 0 |a eng 
044 |a GB 
245 1 0 |a Teaching Literature Online: Creative Strategies for Developing Critical Literacy in a Virtual World  |c Jana Javorčíková, Eva Pršová, Eva Höhn 
500 |a Abstrakt 
610 2 0 |a vyučovanie 
610 2 0 |a literatúra 
610 2 0 |a vzdelávanie elektronické 
610 2 0 |a myslenie kritické 
100 1 |a Javorčíková, Jana 
700 1 |a Pršová, Eva 
700 1 |a Höhn, Eva, 1968-